000 00838am a2200325a 44500
003 AR-BaBNM
005 20251128211006.0
008 302020s2000 #AR|||||||||||000 | spa||
020 _a84-249-2519-X
040 _cAR-BaBNM
100 1 _aCatulo, Cayo Valerio
245 1 0 _aPoemas
_b; Elegías
260 _aMadrid
_bGredos
_c2000
300 _a283 p.
490 0 _aBiblioteca básica Gredos
_vv. 53
650 4 _aMITOLOGIA
650 4 _aLITERATURA LATINA
650 4 _aPOESIA
651 4 _aRoma
653 _aPOESIA ELEGIACA
653 _aALEJANDRINISMO
655 _aLITERATURA
700 1 _aTíbulo, Aulo Albio
700 1 _aCristóbal, Vicente
_eprologuista
700 1 _aArcaz Pozo, Juan Luis
_eprologuista
700 1 _aSoler Ruiz, Arturo
_etraductor
740 0 _aElegías
942 _cBK
998 _cmartín
999 _c17793
_d17793